000 00576nam a22002297a 4500
003 UA-OsUOA
001 39959
007 ta
008 20080525b un ||||| |||| 00| 0 ukr d
100 _aСічинський В.
090 _a72(091)
_bС41
942 _cBK
040 _aUA-OsUOA
_bukr
_cUA-OsUOA
_dUA-OsUOA
245 _aПам'ятки української архітектури
300 _a63 с.
955 _a1
041 _aukr
080 _a72(091)
260 _aФиладельфія
_c1952
650 7 _a72 Архітектура
_2UDC
999 _c438468
_d438468